ইতিহাস দ্বিতীয় পত্র একাদশ-দ্বাদশ শ্রেণী / (Record no. 11438)
[ view plain ]
| 000 -LEADER | |
|---|---|
| fixed length control field | 01039nam a2200241 a 4500 |
| 001 - CONTROL NUMBER | |
| JCCL Control Number | 11438 |
| 003 - CONTROL NUMBER IDENTIFIER | |
| JCCL marc code | BD-JhCC |
| 005 - DATE AND TIME OF LATEST TRANSACTION | |
| control field | 20211007134021.0 |
| 008 - FIXED-LENGTH DATA ELEMENTS--GENERAL INFORMATION | |
| fixed length control field | 190916s20142019bg a|||| ||a| 000 0 ben d |
| 035 ## - SYSTEM CONTROL NUMBER | |
| system control number | (BD-JhCC)11438 |
| 040 ## - CATALOGING SOURCE | |
| Original cataloging agency | BD-JhCC |
| Modifying agency | BD-JhCC |
| 041 ## - LANGUAGE CODE | |
| Language code of Book | ben |
| 082 ## - DEWEY DECIMAL CLASSIFICATION NUMBER | |
| Author mark and Year | PAT 2019 |
| Classification number | 954 |
| 100 ## - MAIN ENTRY--PERSONAL NAME | |
| Personal name | পাটোয়ারী, ড. মমতাজউদ্দীন |
| 245 ## - TITLE STATEMENT | |
| Title | ইতিহাস দ্বিতীয় পত্র একাদশ-দ্বাদশ শ্রেণী / |
| Remainder of title | ড. মমতাজউদ্দীন পাটোয়ারী, জে. এম. বেলাল হোসেন সরকার, মো: রমজান আলী আকন্দ ।। |
| 260 ## - PUBLICATION, DISTRIBUTION, ETC. (IMPRINT) | |
| Place of publication, distribution, etc | ঢাকা: |
| Name of publisher, distributor, etc | হাসান বুক হাউস; |
| Date of publication, distribution, etc | ২০১৯. |
| 300 ## - PHYSICAL DESCRIPTION | |
| Pagination | veries p. : |
| Dimensions | 24 cm. |
| 650 ## - SUBJECT ADDED ENTRY--TOPICAL TERM | |
| Topical term or geographic name as entry element | History |
| 700 ## - ADDED ENTRY--PERSONAL NAME | |
| Personal name | সরকার, জে. এম. বেলাল হোসেন |
| 700 ## - ADDED ENTRY--PERSONAL NAME | |
| Personal name | আকন্দ, মো: রমজান আলী |
| 942 ## - ADDED ENTRY ELEMENTS (KOHA) | |
| Source of classification or shelving scheme | Dewey Decimal Classification |
| Koha item type | Books |
| Koha issues (borrowed), all copies | 2 |
| Source of classification or shelving scheme | Damaged status | Not for loan | Home library | Current library | Shelving location | Date of accession | Cost, normal purchase price | Total Checkouts | Full call number | Barcode | Date last seen | Date checked out | Copy number | Koha item type |
|---|---|---|---|---|---|---|---|---|---|---|---|---|---|---|
| Dewey Decimal Classification | JCC Rouf Library | JCC Rouf Library | General Stacks | 09/16/2019 | 97.00 | 1 | 954 PAT 2019 | 15654 | 10/16/2021 | 10/07/2021 | C-1 | Books | ||
| Dewey Decimal Classification | JCC Rouf Library | JCC Rouf Library | General Stacks | 09/16/2019 | 97.00 | 1 | 954 PAT 2019 | 15651 | 11/17/2024 | 11/10/2024 | C-2 | Books | ||
| Dewey Decimal Classification | JCC Rouf Library | JCC Rouf Library | General Stacks | 09/16/2019 | 97.00 | 1 | 954 PAT 2019 | 15652 | 09/19/2022 | 09/18/2022 | C-3 | Books | ||
| Dewey Decimal Classification | JCC Rouf Library | JCC Rouf Library | General Stacks | 09/16/2019 | 97.00 | 2 | 954 PAT 2019 | 15653 | 07/18/2024 | 03/24/2024 | C-4 | Books |